00670nam a2200205 a 450000100060000000300080000600500170001400800410003102000150007203500190008704000390010608200230014524500860016826000440025430000400029850400500033865100210038870000330040970000220044235246BD-RjUL20211209052303.0140522s1978 ja ac b 001 0ceng d a0870404318 a(BD-RjUL)35340 cBD-RjULdBD-RjULaBD-RjULbBD-RjUL a301.952bGRE 197800aGreat historical figures of Japan /cedited by Murakami Hyoe and Thomas J. Harper aTokyo :bJapan Culture Institute,c1978 axii, 327 p. :bill., ports ;c22 cm aIncludes bibliographical references and index 0aJapanxBiography1 aMurakami, Hyōe,d1923-20031 aHarper, Thomas J.